01065nam a22002297a 4500003000400000005001700004008004100021020001500062040002100077041001300098082001800111100002900129245012800158260005300286300002900339500005300368520029900421650002100720650002800741650002400769700004200793OSt20250415141351.0210201s1998 cu ||||gr|||| 00| 0 spa d a9590300847 aCO-JMCRcCO-JMCR1 aspaheng04aA-NbHELb2231 aHeller, André, eautor aBuzo en la sombra : b61 episodios en la vida de Ferdinand Alt / cAndré Heller ; traducción de Olga Sánchez Guevara  aLa Habana (Cuba) : bArte y literatura, c1998. a154 páginas ; b18 cm. aDatos biográficos del autor en tapa posterior.0 aQuien olvida lo mínimo, indefectiblemente olvida todo. Sostiene el treintañero afinador de pianos Ferdinand Alt, y partiendo de su presente se aleja hacia los años de infancia, para hilvanar un ruego sentimental con su ciudad, Viena, y, más allá una actualizada visión de Austria. 24aMúsicaxNovela24aPoesía xaustríaca.24aSinfoníasxNovela aSánchez Guevara, Olga, etraductora